Vincitori della PL dal 1888 al 2025 #4 - Statistics

Statistiche generali
  • Questo quiz è stato fatto 25 volte
  • Il punteggio medio è 23 su 26
Statistiche sulle risposte
Stagione Squadra % Corretto
1978/79 Liverpool
100%
1979/80 Liverpool
100%
1981/82 Liverpool
100%
1982/83 Liverpool
100%
1983/84 Liverpool
100%
1985/86 Liverpool
100%
1987/88 Liverpool
100%
1989/90 Liverpool
100%
1992/93 Manchester United
100%
1993/94 Manchester United
100%
1995/96 Manchester United
100%
1996/97 Manchester United
100%
1998/99 Manchester United
100%
1999/00 Manchester United
100%
2000/01 Manchester United
100%
2002/03 Manchester United
100%
1988/89 Arsenal
86%
1990/91 Arsenal
86%
1997/98 Arsenal
86%
2001/02 Arsenal
86%
1980/81 Aston Villa
71%
1977/78 Nottingham Forest
67%
1984/85 Everton
62%
1986/87 Everton
62%
1991/92 Leeds United
57%
1994/95 Blackburn Rovers
52%
Nessun quiz corrispondente trovato
Distribuzione punteggi
Percentuale di utenti per punteggio
Percentile per numero di risposta
I tuoi punteggi nel tempo
Non hai fatto questo quiz